000 00274nam a22001337a 4500
008 170907b xxu||||| |||| 00| 0 eng d
020 _a051854007950
041 _aeng
080 _a72
100 _a41
101 _aARK
245 _aGOTHIC
_cPANOFSKY,E
942 _2udc
_cBK
999 _c26436
_d26436